Southville International School and Colleges
Your cart is empty.
  • Cart
  • Lists
    Public lists Eva Luna New books Lux_list list_1
    Your lists Log in to create your own lists
  • Log in to your account
  • Your cookies
  • Search history
Southville International School and Colleges
  • Advanced search
  • Recent comments
  • Most popular
  • Libraries

Log in to your account

Log in with GOOGLE


If you do not have an external account, but do have a local account, you can still log in:

  1. Home
  2. MARC view: 100% official Justin Bieber :
Normal view MARC view ISBD view

100% official Justin Bieber : (Record no. 344673)

[ view plain ]
MARC details
000 -LEADER
fixed length control field 00831nam a2200289Ia 4500
008 - FIXED-LENGTH DATA ELEMENTS--GENERAL INFORMATION
fixed length control field 171025s9999 xx 000 0 und d
020 ## - INTERNATIONAL STANDARD BOOK NUMBER
International Standard Book Number 9780062039743
050 ## - LIBRARY OF CONGRESS CALL NUMBER
Classification number 782.42
050 ## - LIBRARY OF CONGRESS CALL NUMBER
Item number B586 2010
100 ## - MAIN ENTRY--PERSONAL NAME
Personal name Bieber, Justin
245 ## - TITLE STATEMENT
Title 100% official Justin Bieber :
245 ## - TITLE STATEMENT
Remainder of title first step 2 forever : my story /
245 ## - TITLE STATEMENT
Statement of responsibility, etc by Justin Bieber ; photographs by Robert Caplin.
260 ## - PUBLICATION, DISTRIBUTION, ETC. (IMPRINT)
Place of publication, distribution, etc New York :
260 ## - PUBLICATION, DISTRIBUTION, ETC. (IMPRINT)
Name of publisher, distributor, etc Harper,
260 ## - PUBLICATION, DISTRIBUTION, ETC. (IMPRINT)
Date of publication, distribution, etc 2010
300 ## - PHYSICAL DESCRIPTION
Extent 236 pages :
300 ## - PHYSICAL DESCRIPTION
Other physical details colored illustrations ;
300 ## - PHYSICAL DESCRIPTION
Dimensions 24cm.
650 ## - SUBJECT ADDED ENTRY--TOPICAL TERM
Topical term or geographic name as entry element Bieber, Justin -- 1994-
650 ## - SUBJECT ADDED ENTRY--TOPICAL TERM
Topical term or geographic name as entry element Singers --
650 ## - SUBJECT ADDED ENTRY--TOPICAL TERM
Topical term or geographic name as entry element Singers.
650 ## - SUBJECT ADDED ENTRY--TOPICAL TERM
General subdivision Canada -- Biography.
700 ## - ADDED ENTRY--PERSONAL NAME
Personal name Caplin, Robert.
700 ## - ADDED ENTRY--PERSONAL NAME
Personal name Title : One hundred percent official Justin Bieber : first step to forever : my story.
700 ## - ADDED ENTRY--PERSONAL NAME
Personal name Title.
Holdings
Withdrawn status Lost status Damaged status Home library Current library Date acquired Total Checkouts Full call number Barcode Date last seen Price effective from Koha item type
      Stonyhurst Southville International School (Malarayat) Stonyhurst Southville International School (Malarayat) 10/25/2017   NF 782.42 B586 2010 SSISM3726 10/25/2017 10/25/2017 Books

100% official Justin Bieber :

APA

Bieber J., Caplin R., Title : One hundred percent official Justin Bieber : first step to forever : my story & Title.100% official Justin Bieber. New York: .

Chicago

Bieber Justin, Caplin Robert, Title : One hundred percent official Justin Bieber : first step to forever : my story and Title.100% official Justin Bieber. New York: .

Harvard

Bieber J., Caplin R., Title : One hundred percent official Justin Bieber : first step to forever : my story and Title.100% official Justin Bieber. New York: .

MLA

Bieber Justin, Caplin Robert, Title : One hundred percent official Justin Bieber : first step to forever : my story and Title.New York: . .

  • Place hold
  • Print
  • Cite
  • Add to your cart (remove)
  • Save record
    BIBTEX Dublin Core MARCXML MARC (non-Unicode/MARC-8) MARC (Unicode/UTF-8) MARC (Unicode/UTF-8, Standard) MODS (XML) RIS
  • More searches
    Search for this title in:
    Other Libraries (WorldCat) Other Databases (Google Scholar) Online Stores (Bookfinder.com) Open Library (openlibrary.org)

Exporting to Dublin Core...

SOUTHVILLE LIBRARY

Southville International School and Colleges Library

1281 Tropical Ave. Cor. Luxembourg St., BF Homes International, Las Pinas City

Tel. No. 8256374 / 252358 Loc. 117/146

Powered by Koha